000 00684nam a2200265Ia 4500
005 20250425162054.0
008 250425s9999 xx 000 0 und d
020 _a9686708154
041 _aspa
082 _a664.028
100 _aHENLEY, ERNEST J
245 0 _aCALCULO DE BALANCES DE MATERIA Y ENERGIA
250 _a1A ED.
260 _aMEXICO
260 _aMéxico
_bREVERTE
_c1993
300 _a596
500 _aEN CIBGZ-FIMCP D-30241
_20.00 PARA ING- ALIM.- MHP.
650 _aBALANCE DE ENERGIA
650 _aBALANCE DE MATERIA
650 _aINDUSTRIA QUIMICA
650 _aPROCESOS QUIMICOS
700 _aROSEN, EDWARD M
942 _c01
010 _a47365
999 _c221786
_d221786